Light wave 7

Bibliographic Details
Main Author: Ablan, Dan
Format: Book
Published: Boston : New Riders , 2002
Subjects:

MARC

LEADER 00000cam a2200000 7i4500
001 0000011702
005 20050418.0
020 |a 0735711348 
040 |a INS 
090 0 0 |a TR897.7.   |b A182 2002 
100 1 |a Ablan, Dan 
245 1 0 |a Light wave 7   |c Dan Ablan 
260 |a Boston :   |b New Riders ,   |c 2002 
300 |a xxvi :   |b 1160p ;   |c 23cm. 
650 0 0 |a Computer animation 
650 0 0 |a Computer graphics 
999 |a 0000011123   |b BOOK   |c Open Shelf   |e Default branch